00000000nam 2200000zi 4500
0019.953403
003CaOODSP
00520251030150932
006m     o  d f      
007cr |||||||||||
008250718e202507  onc     ob   f000 0 fre d
020 |a9780660782126
040 |aCaOODSP|bfre|erda|cCaOODSP
043 |an-cn---
0861 |aH129-108/2025F-PDF
24502|aL'évaluation des risques pour les sites contaminés fédéraux au Canada : |bvaleurs toxicologiques de référence (VTR).
24617|aValeurs toxicologiques de référence (VTR)
250 |aVersion 4.0.
264 1|aOttawa (Ontario) : |bSanté Canada = Health Canada, |cjuillet 2025.
264 4|c©2025
300 |a1 ressource en ligne (iv, 80 pages)
336 |atexte|btxt|2rdacontent/fre
337 |ainformatique|bc|2rdamedia/fre
338 |aressource en ligne|bcr|2rdacarrier/fre
500 |aPublié aussi en anglais sous le titre : Federal contaminated site risk assessment in Canada: toxicological reference values (TRVs).
500 |a« Pub. : 250151. »
504 |aComprend des références bibliographiques (pages 62-80).
520 |a« Ce document fait partie d’une série de documents d’orientation publiés par Santé Canada (SC) qui sont utilisés en évaluation des risques à la santé humaine des sites contaminés fédéraux du Canada » --Introduction, page 8.
650 6|aDépôts de déchets dangereux|xAspect de l'environnement|zCanada.
650 6|aDépôts de déchets dangereux|xAspect sanitaire|zCanada.
650 6|aProduits chimiques|xÉvaluation du risque|zCanada.
650 6|aRisques pour la santé|xÉvaluation|zCanada.
7101 |aCanada. |bSanté Canada, |eorganisme de publication.
77508|tFederal contaminated site risk assessment in Canada : |w(CaOODSP)9.953400
795 |tL'évaluation des risques pour les sites contaminés fédéraux du Canada : |w(CaOODSP)9.893904
85640|qPDF|s1.81 Mo|uhttps://publications.gc.ca/collections/collection_2025/sc-hc/H129-108-2025-fra.pdf
986 |a250151